LEADER 01173nam a2200241 i 4500 001 000000190054 003 CaOOAMICUS 005 20180726000000.0 008 180726s1939 it u000 u lat u 013 $a168407 040 $aSeMil$bita 245 10$aDicta beati Aegidii Assisiensis /$csec. codices mss. emendata et denuo edita a PP. Collegii S. Bonaventurae. 250 $a2. Ed. 260 $aAd Claras Aquas, Quaracchi-Firenze :$bEx Typographia Collegii S. Bonaventurae,$c1939. 300 $aXIX, 122 p. ;$c16 cm. 490 0 $aBibliotheca franciscana ascetica Medii Aevi ;$v3. 700 1 $aEgidio : di Assisi .$0(OLS)http://semarc/name/49639 710 2 $aCollegio s. Bonaventura .$0(OLS)http://semarc/name/289 830 0$aBibliotheca franciscana ascetica Medii Aevi ;$v3.$0(OLS)http://semarc/title/19182 850 $aSeMil 852 $aSeMil$W1$xVenegono$y1$m2N III 703$j140685$B140685$CSeMilBibl$Z2$F152246 $81 996 $6245$aDicta beati Aegidii Assisiensis$9(OLS)http://semarc/title/409179 996 $6260$aAd Claras Aquas, Quaracchi-Firenze :$bEx Typographia Collegii S. Bonaventurae$9(OLS)http://semarc/publisher/57360 LEADER 00779nam a2200193 i 4500 001 000000082479 003 CaOOAMICUS 005 20171020000000.0 008 171020s1956 it u000 u ita u 013 $a54719 040 $aSeMil$bita 245 10$aGéographie, histoire, institutions grecques. 250 $a12. éd. enntièrement refondue. 300 $a182 p., [1] c. di tav. ripieg. :$bc. geogr. 773 0 $aLaurand, Louis <1873-1941>$tManuel des études grecques et latines.$dParis : Picard et Cie, 1956.$bEdition entièrement refondue.$g1$w()4939 850 $aSeMil 852 $aSeMil$W1$xVenegono$y1$m1X VI 2$j47446$B47446$CSeMilBibl$Z2$F50078 $81 961 $aOmaggio: Altro 996 $6245$aGéographie, histoire, institutions grecques$9(OLS)http://semarc/title/405130